00674nam a2200169 i 450000100060000000300090000600500170001500700030003200800410003510000240007624501010010025000150020126000480021630000220026451000250028685201930031185042ES-MaACL20250328185024.0t|041125s1948 sp ||||1| spa d1 aJiménez, Alberto.10aOcaso y restauración b: ensayo sobre la universidad española moderna / cAlberto Jiménez. a[1ª ed.]. aMéxico : bEl Colegio, c[1948] (fStylo) a310 p. ; c22 cm. aCCPB,c001289728-0.  aES-MaACLjD-6288 bR.30139bR.M.5883cSVIfSello en tinta azul de la Biblioteca del Ateneo de Madrid.gAnotación manuscrita a lápiz en hoja de guarda posterior: "43.59".z"17.OCT.1950"